| 000 | 00516cam a2200169ua 4500 | ||
|---|---|---|---|
| 020 |
_a3-8236-1161-5 _c704.00 |
||
| 041 |
_aeng _h |
||
| 082 |
_a631.372 _bHOI/SM |
||
| 100 | _aHoltkamp, Rudolf . | ||
| 245 |
_aSmall four-wheel tractors for the tropics and subtropics: Their role in agricultural and industrial development / _cRudolf Holtkamp. _hTextual Documents |
||
| 260 |
_aKarben : _bF M Druck , _c1990. |
||
| 300 | _a250 ; . | ||
| 365 | _a704.00 | ||
| 504 | _a | ||
| 942 | _cBK | ||
| 999 |
_c11114 _d11114 |
||